東京メトロ丸ノ内線全駅 - Statistics

General Stats
  • This quiz has been taken 214 times
  • The average score is 20 of 28
Answer Stats
駅番号 駅名 % Correct
M25 池袋駅
92%
M08 新宿駅
91%
M17 東京駅
88%
M01 荻窪駅
87%
M18 大手町駅
81%
M20 御茶ノ水駅
80%
M22 後楽園駅
79%
M09 新宿三丁目駅
77%
M06 中野坂上駅
74%
M12 四ツ谷駅
74%
M16 銀座駅
72%
M23 茗荷谷駅
72%
Mb3 方南町駅
71%
M03 新高円寺駅
68%
M13 赤坂見附駅
68%
M07 西新宿駅
66%
M02 南阿佐ヶ谷駅
64%
M14 国会議事堂前駅
64%
M24 新大塚駅
62%
M21 本郷三丁目駅
61%
M11 四谷三丁目駅
60%
M19 淡路町駅
60%
M10 新宿御苑前駅
59%
M04 東高円寺駅
58%
M05 新中野駅
58%
M15 霞ヶ関駅
58%
Mb4 中野富士見町駅
56%
Mb5 中野新橋駅
50%
No matching quizzes found
Score Distribution
Percent of People with Each Score
Percentile by Number Answered
Your Score History
You have not taken this quiz